All Neutral countries in WW2 - Statistics

General Stats
  • This quiz has been taken 43 times
    30 since last reset
  • The average score is 9 of 18
Answers on the Map
Answers color-coded by a green-red scale on the quiz's map according to % correct below.
 
Answer Stats
Answer % Correct
Switzerland
96%
Sweden
73%
ireland
69%
Portugal
65%
Spain
65%
Iran
54%
Andorra
50%
Argentina
46%
Liechtenstein
46%
Iceland
42%
San Marino
42%
Saudi Arabia
42%
Afghanistan
38%
Bhutan
35%
Monaco
35%
Estonia
23%
Latvia
23%
Lithuania
23%
No matching quizzes found
Score Distribution
Percent of People with Each Score
Percentile by Number Answered
Your Score History
You have not taken this quiz since the last reset